000 01061nam a22002657a 4500
003 urs
005 20240416181521.0
008 231228b |||||||| |||| 00| 0 eng d
100 _aDohenias, Mary Ann A.
_eauthor
245 _aProduction of chicharon tilapia in Binangonan, Rizal
_cMary Ann A. Dohenias, Ace Jomel P. Leynes, Mikhaela Joy M. Lopez, Angela Lorenzana
260 _c2023
300 _axiii, 95 leaves
_c28 cm
336 _2rdacontent
_atext
337 _2rdamedia
_aunmediated
338 _2rdacarrier
_avolume
500 _aUndergraduate Feasibility Study
502 _bBachelor of Science in Business Administration major in Financial Management
_cUniversity of Rizal System Binangonan
_d2023
504 _aIncludes bibliographical references.
700 _aLeynes, Ace Jomel P.
_eauthor
700 _aLopez, Mikhaela Joy M.
_eauthor
700 _aLorenzana, Angela
_eauthor
700 _aEvelyn V. Diaz, MM
_eadviser
_91713
856 _3Online Request for Student Unpublished Works
_uhttps://forms.gle/7LqvGGkaDrUQqz429
942 _2lcc
_cT
999 _c73961
_d73960